<?xml version="1.0" encoding="UTF-8"?>
<record
    xmlns:xsi="http://www.w3.org/2001/XMLSchema-instance"
    xsi:schemaLocation="http://www.loc.gov/MARC21/slim http://www.loc.gov/standards/marcxml/schema/MARC21slim.xsd"
    xmlns="http://www.loc.gov/MARC21/slim">

  <leader>01211nam a22002417a 4500</leader>
  <controlfield tag="005">20160610123022.0</controlfield>
  <controlfield tag="008">120919s2009    ck     fr     100 0 spa d</controlfield>
  <datafield tag="020" ind1=" " ind2=" ">
    <subfield code="a">9789587250183</subfield>
  </datafield>
  <datafield tag="041" ind1=" " ind2=" ">
    <subfield code="a">spa</subfield>
  </datafield>
  <datafield tag="044" ind1=" " ind2=" ">
    <subfield code="a">ck</subfield>
  </datafield>
  <datafield tag="082" ind1="0" ind2="4">
    <subfield code="a">333.9534</subfield>
    <subfield code="b">F727f</subfield>
  </datafield>
  <datafield tag="111" ind1=" " ind2=" ">
    <subfield code="a">Marco legal y alternativas de aplicaci&#xF3;n a los tr&#xE1;mites de permiso de investigaci&#xF3;n y acceso a recursos gen&#xE9;ticos sobre diversidad, en &#xE1;reas de influencia &#xE9;tnica</subfield>
    <subfield code="c">Bogot&#xE1;, colombia</subfield>
    <subfield code="d">mayo, 2009</subfield>
    <subfield code="9">1701</subfield>
  </datafield>
  <datafield tag="245" ind1="0" ind2="0">
    <subfield code="a">Foro marco legal y alternativas de aplicaci&#xF3;n a los tr&#xE1;mites de permiso de investigaci&#xF3;n y acceso a recursos gen&#xE9;ticos sobre diversidad, en &#xE1;reas de influencia &#xE9;tnica. Estudio de casos. En Colombia</subfield>
    <subfield code="c">Gabriel Ricardo Nemoga Soto, Adriana Lagos, Adriana Ortiz</subfield>
  </datafield>
  <datafield tag="260" ind1=" " ind2=" ">
    <subfield code="a">Bogot&#xE1;</subfield>
    <subfield code="b">Universidad de Bogo&#xE1; Jorge Tadeo Lozano</subfield>
    <subfield code="c">2009</subfield>
  </datafield>
  <datafield tag="300" ind1=" " ind2=" ">
    <subfield code="a">130 p.</subfield>
    <subfield code="c">18 cm.</subfield>
  </datafield>
  <datafield tag="650" ind1="1" ind2="7">
    <subfield code="a">Diversidad biol&#xF3;gica</subfield>
    <subfield code="x">Legislaci&#xF3;n</subfield>
    <subfield code="z">Colombia</subfield>
    <subfield code="9">1702</subfield>
  </datafield>
  <datafield tag="650" ind1="1" ind2="7">
    <subfield code="a">Diversidad biol&#xF3;gica</subfield>
    <subfield code="x">Investigaciones</subfield>
    <subfield code="x">Normas</subfield>
    <subfield code="9">1703</subfield>
  </datafield>
  <datafield tag="650" ind1="1" ind2="7">
    <subfield code="a">Recursos de germoplasma</subfield>
    <subfield code="x">Legislaci&#xF3;n</subfield>
    <subfield code="z">Colombia</subfield>
    <subfield code="9">1704</subfield>
  </datafield>
  <datafield tag="700" ind1="1" ind2=" ">
    <subfield code="a">Lagos, Adriana</subfield>
    <subfield code="9">1706</subfield>
  </datafield>
  <datafield tag="700" ind1="1" ind2=" ">
    <subfield code="a">Ortiz, Adriana</subfield>
    <subfield code="9">1707</subfield>
  </datafield>
  <datafield tag="700" ind1="1" ind2=" ">
    <subfield code="9">1705</subfield>
    <subfield code="a">Nemog&#xE1; Soto, Gabriel Ricardo</subfield>
    <subfield code="d">1960-</subfield>
  </datafield>
  <datafield tag="942" ind1=" " ind2=" ">
    <subfield code="2">ddc</subfield>
    <subfield code="c">Impreso</subfield>
    <subfield code="0">1</subfield>
  </datafield>
  <datafield tag="999" ind1=" " ind2=" ">
    <subfield code="c">7590</subfield>
    <subfield code="d">7590</subfield>
  </datafield>
  <datafield tag="952" ind1=" " ind2=" ">
    <subfield code="0">0</subfield>
    <subfield code="1">0</subfield>
    <subfield code="2">ddc</subfield>
    <subfield code="4">0</subfield>
    <subfield code="7">0</subfield>
    <subfield code="8">GENERAL</subfield>
    <subfield code="I">INV2017</subfield>
    <subfield code="a">Bogota</subfield>
    <subfield code="b">Bogota</subfield>
    <subfield code="d">2013-08-16</subfield>
    <subfield code="e">Instituto</subfield>
    <subfield code="g">39000.00</subfield>
    <subfield code="l">1</subfield>
    <subfield code="o">LB 333.9534 F727f</subfield>
    <subfield code="p">058389</subfield>
    <subfield code="r">2015-02-24 00:00:00</subfield>
    <subfield code="s">2015-02-24</subfield>
    <subfield code="t">Ej. 1</subfield>
    <subfield code="w">2013-08-16</subfield>
    <subfield code="x">Donaci&#xF3;n</subfield>
    <subfield code="y">LIBRO</subfield>
  </datafield>
</record>
